000 00584nam a22002057a 4500
005 20251108174942.0
008 250721s2010 xx 000 0 ara d
082 1 4 _a956.404/شرف
100 1 _aالشرفا، وليد
245 1 0 _aدوائر الإقناع في خطاب حركة حماس /
264 1 _aفلسطين :
_bالمؤلف،
_c2010.
300 _a125ص.
650 1 7 _aفلسطين
650 1 7 _aتاريخ فلسطين
650 1 7 _aحماس
650 1 7 _aالاحزاب السياسية
650 1 7 _aالخطابة
942 _2ddc
_cBK
999 _c122336
_d122336